| 000 | 00436pab a2200157 454500 | ||
|---|---|---|---|
| 008 | 180718b2010 xxu||||| |||| 00| 0 eng d | ||
| 100 | _aLambright, Kristina T. | ||
| 245 | _aAn update of a classic: applying expectancy theory to understand contracted provider motivation | ||
| 260 | _c2010 | ||
| 300 | _ap.375-403. | ||
| 362 | _aJul | ||
| 650 | _aMotivation | ||
| 773 | _aAdministration and Society | ||
| 908 | _aN | ||
| 909 | _a87667 | ||
| 999 |
_c87667 _d87667 |
||